000
00230nam a22000857a 4500
008
160702b xxu||||| |||| 00| 0 eng d
100
_9
1791
_a
Srivastava, D.S
245
_a
Education Instructional Methods
260
_a
Delhi
_b
Isha
_c
2005
999
_c
1495
_d
1495